00715 a2200169 4500003000500000005001700005040000900022082001400031100002500045245005100070260003500121300001600156505022100172942001200393999001900405952012100424Nust20230224121145.0 cNust a158.1,CAR adick Carlson9109562 aHow to Develop Personal Power / cDick Carlson aindia bD.B Traporevala c1937 axiii,28 p.; aYour Personality (Page-3), Your Life Plan (Page-33), Your Creative Powers (Page-57), Expressing yourself (Page-117), Analyzing Yourself (Page-153), Discovering your Job (Page-183), Charting Your Progress (Page-213). 2ddccBK c193810d193810 00102ddc4070aMCSbMCScGENd2016-12-12o158,CARpMCS29589r2016-12-08w2016-12-12yBKzAlmirah No.73, Shelf No.1